| 000 | 00690cam a2200205 a 4500 | ||
|---|---|---|---|
| 001 | 000014010 | ||
| 005 | 20200929163433.0 | ||
| 008 | 841116s1977 ve b 000 0 spa | ||
| 035 | _a(DLC) 84126173 | ||
| 040 |
_aDO-SdBNP _bspa _cDLC _dDLC _dBNPHU |
||
| 082 |
_a324.287009 _bM188p |
||
| 100 | 1 |
_aMagallanes, Manuel Vicente, _d1922- _931695 |
|
| 245 | 1 | 4 |
_aLos partidos políticos en la evolución histórica venezolana / _cManuel Vicente Magallanes. |
| 260 |
_aCaracas : _bMonte Ávila, _c[1977]. |
||
| 300 |
_a572 p. ; _c18 cm. |
||
| 504 | _aBibliografía: p. 567-571. | ||
| 650 | 4 |
_aPartídos políticos _zVenezuela _xHistoria. _931696 |
|
| 910 | _aCatalogación derivada | ||
| 049 | _aBNGR | ||
| 999 |
_c13614 _d13614 |
||